000 00684nam a22002417a 4500
003 UA-OsUOA
001 39438
007 ta
008 20060619b un ||||| |||| 00| 0 ukr d
100 _aЗадоя А. О.
090 _a330.101.542(075.8)
_bЗ-15
942 _cBK
040 _aUA-OsUOA
_bukr
_cUA-OsUOA
_dUA-OsUOA
245 _aМікроекономіка
_bКурс лекцій та вправи. Навчальний посібник
300 _a211 с.
955 _a2
041 _aukr
080 _a330.101.542(075.8)
020 _a966-620-210-7
260 _aК.
_bЗнання
_c2006
650 7 _a330 Економіка взагалі
_2UDC
999 _c325580
_d325580